[Event "Women's Speed Chess Q5"]
[Site "chess.com INT"]
[Date "2020.06.22"]
[Round "3"]
[White "Javakhishvili, Lela"]
[Black "Goh, Jie Yi"]
[Result "1-0"]
[WhiteTitle "IM"]
[BlackTitle "WCM"]
[WhiteElo "2475"]
[BlackElo "1743"]
[WhiteFideId "13601458"]
[BlackFideId "5710049"]
[EventDate "2020.06.22"]

1. d4 e6 2. Nf3 f5 3. c4 Nf6 4. Nc3 Be7 5. Qc2 b6 6. e3 Bb7 7. Bd3 O-O 8. Bd2 a5
9. O-O-O Na6 10. a3 c5 11. d5 exd5 12. Nxd5 Nxd5 13. cxd5 Bxd5 14. Bxf5 h6 15.
e4 Bf7 16. Ne5 d6 17. Nxf7 Kxf7 18. e5 Kg8 19. Be6+ Kh8 20. exd6 Bxd6 21. Bc3
Bf4+ 22. Kb1 Qe7 23. Rhe1 Qc7 24. g3 Bg5 25. Rd7 Qc6 26. Bxg7# 1-0

[Event "Women's Speed Chess Q5"]
[Site "chess.com INT"]
[Date "2020.06.22"]
[Round "3"]
[White "Berdychevskaya, Natasha"]
[Black "Shvedova, Alexandra"]
[Result "0-1"]
[WhiteTitle "WFM"]
[BlackTitle "WFM"]
[WhiteElo "2208"]
[BlackElo "1994"]
[WhiteFideId "4159322"]
[BlackFideId "54154782"]
[EventDate "2020.06.22"]

1. e4 e5 2. Nf3 Nc6 3. Bb5 Nf6 4. O-O Nxe4 5. d4 Nd6 6. Bxc6 dxc6 7. dxe5 Nf5 8.
Qxd8+ Kxd8 9. h3 h5 10. Nc3 Ke8 11. Ne4 Be7 12. Bf4 Be6 13. b3 c5 14. Neg5 Bd5
15. c4 Bc6 16. e6 f6 17. Nf7 Rf8 18. Bxc7 Bxf3 19. gxf3 Rc8 20. Bf4 g5 21. Be3
Rc6 22. Rad1 Rxe6 0-1

[Event "Women's Speed Chess Q5"]
[Site "chess.com INT"]
[Date "2020.06.22"]
[Round "3"]
[White "Artemyeva, Olga"]
[Black "Sliwicka, Alicja"]
[Result "0-1"]
[WhiteTitle "WFM"]
[BlackTitle "WIM"]
[WhiteElo "2069"]
[BlackElo "2317"]
[WhiteFideId "4138422"]
[BlackFideId "1150677"]
[EventDate "2020.06.22"]

1. e4 c5 2. Nf3 d6 3. d4 cxd4 4. Nxd4 Nf6 5. Nc3 Bd7 6. Be2 e5 7. Nb3 Bc6 8. f3
a5 9. a4 Be7 10. Be3 Na6 11. O-O Nb4 12. Bb5 O-O 13. Qe2 d5 14. exd5 Nbxd5 15.
Rad1 Nxc3 16. bxc3 Qc7 17. Qf2 Bxb5 18. axb5 Qxc3 19. Rd3 Qc4 20. Bc5 Rfe8 21.
Bxe7 Rxe7 22. Qb6 Qxc2 23. Rfd1 Ree8 24. Nxa5 e4 25. fxe4 Nxe4 26. Nxb7 Nc3 27.
R1d2 Ra1+ 28. Kf2 Ne4+ 29. Ke3 Nxd2+ 30. Kd4 Qc4# 0-1

[Event "Women's Speed Chess Q5"]
[Site "chess.com INT"]
[Date "2020.06.22"]
[Round "3"]
[White "Maltsevskaya, Aleksandra"]
[Black "Schut, Lisa"]
[Result "1-0"]
[WhiteTitle "WGM"]
[BlackTitle "WIM"]
[WhiteElo "2272"]
[BlackElo "2259"]
[WhiteFideId "24174041"]
[BlackFideId "1019481"]
[EventDate "2020.06.22"]

1. e4 c5 2. Nf3 d6 3. d4 cxd4 4. Nxd4 Nf6 5. Nc3 a6 6. g3 e5 7. Nb3 Be7 8. Bg2
O-O 9. O-O Be6 10. Re1 Qc7 11. a4 Nbd7 12. Nd2 Qc6 13. Nf1 b5 14. Ne3 b4 15.
Ncd5 Bxd5 16. exd5 Qc7 17. Bd2 Rfb8 18. c3 bxc3 19. Bxc3 Nb6 20. Ba5 Qd7 21. b3
Qa7 22. Rc1 Rc8 23. Rc6 Nbd7 24. Nf5 Nc5 25. b4 Nb7 26. Nxe7+ 1-0

[Event "Women's Speed Chess Q5"]
[Site "chess.com INT"]
[Date "2020.06.22"]
[Round "3"]
[White "Rakhmangulova, Anastasiya"]
[Black "Meenakshi, Subbaraman"]
[Result "0-1"]
[WhiteTitle "WIM"]
[BlackTitle "WGM"]
[WhiteElo "2191"]
[BlackElo "2171"]
[WhiteFideId "14117479"]
[BlackFideId "5004381"]
[EventDate "2020.06.22"]

1. e4 d6 2. d4 e5 3. dxe5 dxe5 4. Qxd8+ Kxd8 5. Nf3 f6 6. Bc4 c6 7. Be3 Kc7 8.
Nbd2 Nd7 9. O-O-O Bc5 10. Nf1 Bxe3+ 11. Nxe3 Ne7 12. h4 Nc5 13. Nd2 Be6 14. h5
Bxc4 15. Nexc4 Rad8 16. Rh3 Rd7 17. Rg3 g6 18. Rh1 b5 19. hxg6 bxc4 20. Rxh7 Rg8
21. Rf7 Rxd2 22. Kxd2 Nxe4+ 23. Ke3 Nxg3 24. Rxe7+ Kd6 25. Rxa7 Nf5+ 26. Ke4 Ne7
27. g4 Rxg6 28. f3 Rh6 29. Ra4 Kc5 30. Ra5+ Kb6 31. Ra4 Kb5 32. Ra7 Nd5 33. Rb7+
Kc5 34. a3 Rh2 35. b4+ Kd6 36. b5 Rxc2 37. Kf5 cxb5 38. Rxb5 c3 39. Rb3 Rf2 40.
Ke4 c2 0-1

[Event "Women's Speed Chess Q5"]
[Site "chess.com INT"]
[Date "2020.06.22"]
[Round "3"]
[White "Arabidze, Meri"]
[Black "Diakonova, Ekaterina"]
[Result "1-0"]
[WhiteTitle "IM"]
[WhiteElo "2428"]
[BlackElo "2209"]
[WhiteFideId "13604040"]
[BlackFideId "24172936"]
[EventDate "2020.06.22"]

1. d4 d5 2. c4 c6 3. Nf3 Nf6 4. Nc3 e6 5. e3 Nbd7 6. Qc2 dxc4 7. Bxc4 b5 8. Bd3
Bb7 9. O-O a6 10. a4 b4 11. Ne4 a5 12. Rd1 Be7 13. Nc5 Nxc5 14. dxc5 Qc7 15. e4
e5 16. h3 Bc8 17. Bc4 O-O 18. Be3 Ba6 19. Bxa6 Rxa6 20. Nd2 Nd7 21. Nb3 Raa8 22.
Rd2 Rad8 23. Rad1 Nf6 24. Qc4 Rxd2 25. Rxd2 Rd8 26. f3 h6 27. Qa6 Rxd2 28. Bxd2
Nd7 29. Be3 Bd8 30. Nd2 Be7 31. Qa8+ Kh7 32. Nb3 Bd8 33. Qa6 Be7 34. Qxa5 Qxa5
35. Nxa5 Nxc5 36. Nxc6 Bd6 37. Bxc5 Bxc5+ 38. Kf1 b3 39. Nxe5 Bd4 40. Nc4 Kg6
41. Ke2 Kf6 42. Kd3 1-0

[Event "Women's Speed Chess Q5"]
[Site "chess.com INT"]
[Date "2020.06.22"]
[Round "3"]
[White "Gokbulut, Julia"]
[Black "Dordzhieva, Dinara"]
[Result "0-1"]
[WhiteTitle "WFM"]
[BlackTitle "WIM"]
[WhiteElo "1970"]
[BlackElo "2354"]
[WhiteFideId "4153979"]
[BlackFideId "24157570"]
[EventDate "2020.06.22"]

1. d4 Nf6 2. c4 e6 3. Nc3 Bb4 4. Qc2 O-O 5. a3 Bxc3+ 6. Qxc3 d5 7. Nf3 dxc4 8.
Qxc4 b6 9. Bg5 Ba6 10. Qc2 h6 11. Bxf6 Qxf6 12. e3 Bxf1 13. Kxf1 c5 14. dxc5 Rc8
15. Rd1 Rxc5 16. Qe4 Nc6 17. b4 Rc3 18. b5 Rd8 19. Ke2 Na5 20. Rxd8+ Qxd8 21.
Rd1 Qc7 22. Qa8+ Kh7 23. Qe4+ g6 24. Ne5 Rc2+ 25. Kf1 Rc5 26. f4 Nc4 27. Nd3 Rd5
28. Ke2 Nxa3 29. Rd2 Nxb5 30. Qb4 Nc3+ 31. Kf3 a5 32. Qf8 Rd8 33. Qa3 Qc6+ 34.
Kg3 Ne4+ 0-1

[Event "Women's Speed Chess Q5"]
[Site "chess.com INT"]
[Date "2020.06.22"]
[Round "3"]
[White "Zavivaeva, Emilia"]
[Black "Munkhzul, Davaakhuu"]
[Result "0-1"]
[WhiteTitle "WCM"]
[BlackTitle "WFM"]
[WhiteElo "1735"]
[BlackElo "1991"]
[WhiteFideId "34127531"]
[BlackFideId "4902815"]
[EventDate "2020.06.22"]

1. e4 e5 2. Nf3 Nc6 3. Nc3 Nf6 4. d4 exd4 5. Nxd4 Bb4 6. Nxc6 bxc6 7. Bd3 d5 8.
exd5 cxd5 9. O-O O-O 10. Bg5 c6 11. Qf3 Bd6 12. Rfe1 h6 13. Bxf6 Qxf6 14. Qxf6
gxf6 15. Ne2 Rb8 16. b3 Re8 17. Nd4 Bd7 18. Bf5 Bxf5 19. Nxf5 Bb4 20. Rxe8+ Rxe8
21. Nxh6+ Kg7 22. Nf5+ Kg6 23. Ng3 f5 24. h4 f4 25. Nf1 Re2 26. c4 Bc5 27. Kh1
Bxf2 28. cxd5 cxd5 29. Rd1 d4 30. Nh2 Bxh4 31. Nf3 Bf6 0-1

[Event "Women's Speed Chess Q5"]
[Site "chess.com INT"]
[Date "2020.06.22"]
[Round "3"]
[White "Golubenko, Valentina"]
[Black "Kalinina, Larisa"]
[Result "0-1"]
[WhiteTitle "WGM"]
[BlackTitle "WIM"]
[WhiteElo "2209"]
[BlackElo "2131"]
[WhiteFideId "4501993"]
[BlackFideId "14106361"]
[EventDate "2020.06.22"]

1. d4 d5 2. g3 g6 3. Bg2 Bg7 4. Nf3 Nf6 5. O-O O-O 6. c4 c6 7. Nbd2 Bf5 8. Ne5
dxc4 9. Ndxc4 Nbd7 10. Qb3 Nb6 11. Nxb6 Qxb6 12. Qxb6 axb6 13. Bf4 Rfd8 14. Rfd1
Be4 15. f3 Bd5 16. b3 Ra3 17. Bc1 Raa8 18. Bb2 Nd7 19. Nxd7 Rxd7 20. e4 Be6 21.
f4 f5 22. d5 Bxb2 23. dxe6 Bd4+ 24. Kh1 Rd6 25. Rac1 Rxa2 26. e5 Rd8 27. Rc4 c5
28. Bxb7 Rb8 29. Bc6 Rb2 30. Rd3 b5 31. Rc1 Rb6 32. Bd7 Ra6 33. Bxb5 Raa2 34.
Rxd4 Rxh2+ 35. Kg1 Rag2+ 36. Kf1 cxd4 37. Bc6 Rh1+ 38. Kxg2 Rxc1 39. Bd5 d3 40.
Bf3 d2 41. Kf2 d1=Q 42. Bxd1 Rxd1 43. Ke2 Rb1 44. Kd2 Rxb3 45. Ke2 Rxg3 46. Kf2
Rg4 47. Kf3 h5 48. Ke3 h4 49. Kf3 h3 50. Ke3 h2 51. Kf3 h1=Q+ 52. Ke3 Qh3+ 53.
Kd4 Rxf4+ 54. Kc5 Qc3+ 55. Kb6 Rb4+ 56. Ka7 Qa3# 0-1

[Event "Women's Speed Chess Q5"]
[Site "chess.com INT"]
[Date "2020.06.22"]
[Round "3"]
[White "Kashlinskaya, Alina"]
[Black "Pham, Bich Ngoc"]
[Result "1-0"]
[WhiteTitle "IM"]
[BlackTitle "WIM"]
[WhiteElo "2494"]
[BlackElo "2235"]
[WhiteFideId "4198026"]
[BlackFideId "12401285"]
[EventDate "2020.06.22"]

1. d4 g6 2. e4 Bg7 3. Nf3 d6 4. Bc4 Nc6 5. O-O e6 6. Re1 Nge7 7. c3 O-O 8. Nbd2
h6 9. Nf1 Kh7 10. h3 f5 11. exf5 exf5 12. Bd2 a6 13. Qc2 b5 14. Bd3 Nd5 15. Ng3
Qf6 16. Re2 Be6 17. Rae1 Bg8 18. h4 Kh8 19. h5 Bh7 20. Re6 Qf7 21. hxg6 Bxg6 22.
Nh4 Bh7 23. Bxh6 Bxd4 24. Bxf8 Rxf8 25. Bxf5 Be5 26. Rh6 Nf6 27. Bxh7 Nxh7 28.
Ng6+ Kg7 29. Rxh7+ Kxh7 30. Nxe5+ Kg7 31. Nxf7 Rxf7 32. Nh5+ Kf8 33. Qg6 Ne5 34.
Qh6+ Ke7 35. f4 Kd7 36. fxe5 dxe5 37. Rxe5 Re7 38. Rxe7+ Kxe7 39. Qf6+ Kd7 40.
Ng7 Kc8 41. Qc6 a5 42. Ne6 b4 43. Qxc7# 1-0

[Event "Women's Speed Chess Q5"]
[Site "chess.com INT"]
[Date "2020.06.22"]
[Round "3"]
[White "Zhao, Xue"]
[Black "Socko, Monika"]
[Result "1-0"]
[WhiteTitle "GM"]
[BlackTitle "GM"]
[WhiteElo "2486"]
[BlackElo "2428"]
[WhiteFideId "8601283"]
[BlackFideId "1106619"]
[EventDate "2020.06.22"]

1. Nf3 d5 2. b3 Nf6 3. e3 Bf5 4. Bb2 e6 5. d3 Be7 6. Nbd2 h6 7. g3 O-O 8. Bg2 c5
9. O-O Nc6 10. Qe2 Qc7 11. e4 dxe4 12. dxe4 Bg4 13. h3 Bxf3 14. Nxf3 e5 15. c3
Rad8 16. Nh4 Rd7 17. Nf5 Rfd8 18. Bc1 Bf8 19. Be3 a6 20. Qf3 Kh7 21. Nxh6 gxh6
22. Qxf6 Bg7 23. Qf5+ Kh8 24. Qh5 Kh7 25. h4 Rd3 26. Bh3 Ne7 27. Qxf7 Rf8 28.
Qh5 Rxc3 29. Qe2 Nc6 30. Bf5+ Kh8 31. Qh5 Rxe3 32. fxe3 Ne7 33. Rad1 c4 34. Rd7
Qc5 35. Rxe7 Qxe7 36. Qg6 Bf6 37. Qxh6+ Kg8 38. bxc4 Qg7 39. Be6+ Rf7 40. Bxf7+
Kxf7 41. Qxg7+ Kxg7 42. Kg2 Be7 43. Rb1 1-0

[Event "Women's Speed Chess Q5"]
[Site "chess.com INT"]
[Date "2020.06.22"]
[Round "3"]
[White "Belenkaya, Dina"]
[Black "Voit, Daria"]
[Result "1-0"]
[WhiteTitle "WGM"]
[BlackTitle "WGM"]
[WhiteElo "2297"]
[BlackElo "2343"]
[WhiteFideId "24142654"]
[BlackFideId "4182146"]
[EventDate "2020.06.22"]

1. e4 e6 2. Qe2 c5 3. Nf3 Nc6 4. c3 g6 5. g3 Bg7 6. Bg2 Nge7 7. h4 h5 8. O-O d5
9. d3 O-O 10. Nbd2 e5 11. Re1 Bg4 12. Qf1 d4 13. a4 a6 14. Nc4 b5 15. axb5 axb5
16. Rxa8 Qxa8 17. Nb6 Qa2 18. Nd5 Be6 19. Nc7 Rb8 20. Nxe6 Qxe6 21. Ng5 Qb3 22.
cxd4 cxd4 23. f4 Nb4 24. Rd1 1-0

[Event "Women's Speed Chess Q5"]
[Site "chess.com INT"]
[Date "2020.06.22"]
[Round "3"]
[White "Kanyamarala, Trisha"]
[Black "Vovk, Anastasiia"]
[Result "1-0"]
[WhiteTitle "WIM"]
[BlackTitle "WGM"]
[WhiteElo "2193"]
[BlackElo "2076"]
[WhiteFideId "45004722"]
[BlackFideId "14110563"]
[EventDate "2020.06.22"]

1. d4 Nf6 2. c4 e6 3. Nc3 Bb4 4. e3 O-O 5. Bd3 d5 6. Nf3 b6 7. cxd5 exd5 8. O-O
Bb7 9. Bd2 Nbd7 10. Ne5 Bd6 11. f4 c5 12. Rf3 Ne4 13. Rh3 Ndf6 14. Be1 Qc8 15.
Nxe4 dxe4 16. Be2 Ba6 17. Bxa6 Qxa6 18. Bh4 Be7 19. Bxf6 Bxf6 20. Nd7 cxd4 21.
Nxf6+ gxf6 22. Qg4+ Kh8 23. Qh5 1-0

[Event "Women's Speed Chess Q5"]
[Site "chess.com INT"]
[Date "2020.06.22"]
[Round "3"]
[White "Filippova, Margarita"]
[Black "Tarini, Goyal"]
[Result "0-1"]
[WhiteTitle "WFM"]
[BlackTitle "WFM"]
[WhiteElo "1931"]
[BlackElo "2164"]
[WhiteFideId "34199680"]
[BlackFideId "5082749"]
[EventDate "2020.06.22"]

1. Nf3 d5 2. d4 Nf6 3. Bf4 c5 4. e3 Nc6 5. c3 Qb6 6. Qc1 Bf5 7. Nbd2 e6 8. Nh4
Bg6 9. Nxg6 hxg6 10. h3 Be7 11. Bd3 Nd7 12. Nf3 Rc8 13. Qd2 cxd4 14. exd4 Na5
15. Rb1 Nc4 16. Qe2 Ba3 17. bxa3 Qa5 18. O-O O-O 19. Bxc4 Rxc4 20. Rfc1 b6 21.
Rb3 Rfc8 22. Qd3 Nf6 23. Ne5 R4c7 24. Bd2 Ne4 25. Be1 Nd6 26. Qg3 Nc4 27. Nxc4
dxc4 28. Rb2 Qxa3 29. Rbc2 b5 30. Bd2 a5 31. Qe5 b4 32. Qb5 b3 33. Bf4 bxc2 34.
Bxc7 Qxc1+ 35. Kh2 Rxc7 36. Qb8+ Kh7 37. Qxc7 Qd2 38. Qxf7 c1=Q 0-1

[Event "Women's Speed Chess Q5"]
[Site "chess.com INT"]
[Date "2020.06.22"]
[Round "3"]
[White "Eswaran, Ashritha"]
[Black "Vijayalakshmi, Subbaraman"]
[Result "0-1"]
[WhiteTitle "WIM"]
[BlackTitle "IM"]
[WhiteElo "2244"]
[BlackElo "2332"]
[WhiteFideId "2080788"]
[BlackFideId "5004098"]
[EventDate "2020.06.22"]

1. e4 e5 2. Nf3 Nc6 3. Bc4 Bc5 4. O-O Nf6 5. d3 d6 6. c3 a6 7. a4 Bg4 8. Nbd2
O-O 9. a5 d5 10. exd5 Nxd5 11. Ne4 Be7 12. b4 Kh8 13. Bb2 f5 14. Ng3 Nf4 15. h3
Nxh3+ 16. gxh3 Bxh3 17. Re1 f4 18. Ne4 Qe8 19. Kh2 Bg4 20. Rh1 Qg6 21. Kg2 Bh3+
22. Kxh3 Rf5 23. Nh4 Rh5 24. Qg4 Rxh4+ 25. Qxh4 Bxh4 26. Kxh4 Ne7 27. Rag1 Nf5+
28. Kh3 Qh5+ 29. Kg2 Qg4+ 30. Kf1 Qd1+ 31. Kg2 Qe2 32. Ng5 Ne3+ 33. Kh3 Qh5# 0-1

[Event "Women's Speed Chess Q5"]
[Site "chess.com INT"]
[Date "2020.06.22"]
[Round "3"]
[White "Goryachkina, Aleksandra"]
[Black "Tereladze, Sopiko"]
[Result "1/2-1/2"]
[WhiteTitle "GM"]
[BlackTitle "WIM"]
[WhiteElo "2582"]
[BlackElo "2141"]
[WhiteFideId "4147103"]
[BlackFideId "13600486"]
[EventDate "2020.06.22"]

1. e4 e5 2. Nf3 Nc6 3. d4 exd4 4. Bc4 Nf6 5. O-O Nxe4 6. Re1 d5 7. Bxd5 Qxd5 8.
Nc3 Qa5 9. Nxe4 Be6 10. Neg5 O-O-O 11. Nxe6 fxe6 12. Rxe6 Bd6 13. Bg5 Rde8 14.
Qe2 Rxe6 15. Qxe6+ Kb8 16. Re1 a6 17. h3 Rf8 18. Bd2 Qf5 19. Qe4 h6 20. a3 Rf7
21. Re2 Qxe4 22. Rxe4 Re7 23. Rxe7 Bxe7 24. Kf1 Kc8 25. Ke2 Bf6 26. Kd3 Ne5+ 27.
Nxe5 Bxe5 28. f4 Bf6 29. g4 Kd7 30. g5 hxg5 31. fxg5 Be5 32. Ke4 Ke6 33. b3 g6
34. Be1 c5 35. Bf2 b6 36. a4 Bd6 37. Be1 Be7 38. h4 Bd6 39. Bf2 Be7 40. Be1 Bd6
41. Bf2 Be7 42. Be1 1/2-1/2

[Event "Women's Speed Chess Q5"]
[Site "chess.com INT"]
[Date "2020.06.22"]
[Round "3"]
[White "Xu, Yuanyuan"]
[Black "Potapova, Margarita"]
[Result "0-1"]
[WhiteTitle "WGM"]
[BlackTitle "WIM"]
[WhiteElo "2317"]
[BlackElo "2270"]
[WhiteFideId "8601089"]
[BlackFideId "14126869"]
[EventDate "2020.06.22"]

1. d4 Nf6 2. c4 e6 3. g3 d5 4. Nf3 dxc4 5. Bg2 a6 6. O-O Nc6 7. e3 Rb8 8. Nfd2
e5 9. Nxc4 exd4 10. exd4 Be7 11. d5 Nb4 12. Nc3 Bf5 13. Ne3 Bg6 14. f4 Bc5 15.
Kh1 O-O 16. f5 Bh5 17. Qb3 Nd3 18. Bd2 Ne5 19. Na4 Ba7 20. Rac1 Neg4 21. Nxg4
Nxg4 22. h3 Ne5 23. g4 Bxg4 24. hxg4 Nxg4 25. Qg3 h5 26. Bh3 Qxd5+ 27. Qg2 Qd4
28. Rg1 Qxa4 29. Bxg4 Bxg1 0-1

[Event "Women's Speed Chess Q5"]
[Site "chess.com INT"]
[Date "2020.06.22"]
[Round "3"]
[White "Janzelj, Lara"]
[Black "Bodnaruk, Anastasia"]
[Result "0-1"]
[WhiteTitle "WIM"]
[BlackTitle "IM"]
[WhiteElo "2210"]
[BlackElo "2411"]
[WhiteFideId "14608391"]
[BlackFideId "4181751"]
[EventDate "2020.06.22"]

1. d4 Nf6 2. c4 g6 3. Nc3 Bg7 4. e4 d6 5. Be2 O-O 6. Nf3 e5 7. d5 a5 8. Bg5 h6
9. Be3 Ng4 10. Bd2 f5 11. h3 Nf6 12. exf5 gxf5 13. Qc1 f4 14. g3 e4 15. Nh4 e3
16. fxe3 fxg3 17. Qc2 Nh7 18. Ng6 Bf5 19. Bd3 Bxg6 20. Bxg6 Ng5 21. O-O-O Nf3
22. Bh5 Qh4 23. Bxf3 Rxf3 24. Rdg1 Nd7 25. Qg6 Ne5 26. Qe6+ Kh8 27. Ne2 Qxc4+
28. Kd1 Nd3 29. Rxg3 Nf2+ 30. Ke1 Rxg3 31. Nxg3 Nxh1 32. Nxh1 Rf8 33. Nf2 Qh4
34. Kd1 Qxf2 35. Kc2 Qf5+ 0-1

[Event "Women's Speed Chess Q5"]
[Site "chess.com INT"]
[Date "2020.06.22"]
[Round "3"]
[White "Batsiashvili, Nino"]
[Black "Vaishali, R"]
[Result "1-0"]
[WhiteTitle "GM"]
[BlackTitle "WGM"]
[WhiteElo "2457"]
[BlackElo "2393"]
[WhiteFideId "13602993"]
[BlackFideId "5091756"]
[EventDate "2020.06.22"]

1. d4 Nf6 2. c4 g6 3. Nc3 d5 4. cxd5 Nxd5 5. e4 Nxc3 6. bxc3 Bg7 7. Be3 c5 8.
Bc4 O-O 9. Ne2 Nc6 10. h4 cxd4 11. cxd4 b5 12. Bd5 Bb7 13. h5 e6 14. Bb3 Rc8 15.
hxg6 hxg6 16. Qd2 Na5 17. Bh6 Nxb3 18. axb3 Bh8 19. Bxf8 Qxf8 20. f3 a6 21. Kf2
Rd8 22. Rad1 Bg7 23. Qf4 Qb4 24. Qh4 Rc8 25. e5 Qxb3 26. Rc1 Re8 27. Rc7 Bd5 28.
Qh7+ Kf8 29. Nf4 Qb2+ 30. Kg3 Be4 31. fxe4 Qb3+ 32. Kg4 1-0

[Event "Women's Speed Chess Q5"]
[Site "chess.com INT"]
[Date "2020.06.22"]
[Round "3"]
[White "Skuhala, Barbara"]
[Black "Arakhamia-Grant, Ketevan"]
[Result "1-0"]
[WhiteTitle "WFM"]
[BlackTitle "GM"]
[WhiteElo "2095"]
[BlackElo "2380"]
[WhiteFideId "14605465"]
[BlackFideId "13600168"]
[EventDate "2020.06.22"]

1. e4 c5 2. Nf3 Nc6 3. Bb5 g6 4. O-O Bg7 5. c3 Nf6 6. Re1 O-O 7. Bxc6 dxc6 8. d3
Bg4 9. Nbd2 Qxd3 10. h3 Bxf3 11. Qxf3 Rad8 12. Qxd3 Rxd3 13. Nb3 b6 14. Bf4 Rfd8
15. a4 Nh5 16. Bh2 e5 17. a5 Nf4 18. axb6 axb6 19. Bxf4 exf4 20. Ra6 c4 21. Nc1
Rd1 22. Kf1 Rxe1+ 23. Kxe1 Rb8 24. f3 Be5 25. Ne2 Kg7 26. Ra4 b5 27. Ra6 Rc8 28.
Kf2 Kf6 29. g3 fxg3+ 30. Kg2 Ke7 31. f4 Bg7 32. Kxg3 b4 33. Kf3 c5 34. e5 Rd8
35. Rc6 Rd3+ 36. Kf2 Rxh3 37. Rxc5 bxc3 38. bxc3 h5 39. Rxc4 Rd3 40. Rc7+ Rd7
41. Rc6 g5 42. Kf3 1-0

[Event "Women's Speed Chess Q5"]
[Site "chess.com INT"]
[Date "2020.06.22"]
[Round "3"]
[White "Zavivaeva, Evelina"]
[Black "Ismayil, Malak"]
[Result "0-1"]
[WhiteTitle "WCM"]
[BlackTitle "WCM"]
[WhiteElo "1619"]
[BlackElo "1997"]
[WhiteFideId "44127839"]
[BlackFideId "13412604"]
[EventDate "2020.06.22"]

1. e4 e5 2. Nf3 Nc6 3. Bc4 Bc5 4. c3 Nf6 5. d3 d6 6. Nbd2 O-O 7. h3 Bb6 8. Nf1
Be6 9. Bb3 h6 10. Ng3 d5 11. O-O dxe4 12. dxe4 Qe7 13. Qe2 Na5 14. Bxe6 Qxe6 15.
Be3 Nc4 16. Bxb6 axb6 17. b3 Nd6 18. Rfd1 Rfd8 19. Rd2 Rd7 20. Rad1 Rad8 21. c4
g6 22. Rd3 Nde8 23. Rxd7 Rxd7 24. Rxd7 Nxd7 25. Qd2 Nef6 26. Qd3 Kg7 27. Qe3 Nc5
28. Nd2 Qd6 29. f3 h5 30. Ne2 Nfd7 31. Nc3 c6 32. Nd1 Ne6 33. Nf2 Ndc5 34. Nd1
Qd4 35. Qxd4 Nxd4 36. Nf2 Nc2 37. Kf1 Kf6 38. Ke2 Nd4+ 39. Ke3 Ke6 0-1

[Event "Women's Speed Chess Q5"]
[Site "chess.com INT"]
[Date "2020.06.22"]
[Round "3"]
[White "Buksa, Nataliya"]
[Black "Gaponenko, Inna"]
[Result "0-1"]
[WhiteTitle "IM"]
[BlackTitle "IM"]
[WhiteElo "2410"]
[BlackElo "2396"]
[WhiteFideId "14123622"]
[BlackFideId "14101181"]
[EventDate "2020.06.22"]

1. d4 g6 2. Nc3 Bg7 3. e4 c6 4. Bg5 h6 5. Bh4 d5 6. exd5 cxd5 7. Nf3 Nf6 8. Bb5+
Bd7 9. Bxd7+ Nbxd7 10. O-O O-O 11. Re1 Rc8 12. Qe2 e6 13. Bg3 Qb6 14. Rab1 a6
15. Ne5 Nxe5 16. Bxe5 Nd7 17. Bxg7 Kxg7 18. Qd3 Rc4 19. Ne2 Rfc8 20. c3 Nf6 21.
Ng3 Qa5 22. a3 b5 23. h3 Qb6 24. f4 a5 25. Kh2 b4 26. axb4 axb4 27. Ne2 Ne4 28.
b3 R4c7 29. c4 Qb7 30. c5 Ra8 31. Ra1 Qb8 32. Rxa8 Qxa8 33. Qb5 Qa3 34. Qb6 Rc8
35. Qb7 Qa8 36. Qxb4 Rb8 37. Qa4 Qb7 38. Rb1 Qc7 39. b4 g5 40. Kg1 gxf4 41. Qa3
Kh7 42. b5 Rg8 43. b6 Qd7 44. b7 Qc7 45. c6 Rb8 46. Qa4 f3 47. Nc1 f2+ 0-1

[Event "Women's Speed Chess Q5"]
[Site "chess.com INT"]
[Date "2020.06.22"]
[Round "3"]
[White "Hejazipour, Mitra"]
[Black "Zimina, Olga"]
[Result "0-1"]
[WhiteTitle "WGM"]
[BlackTitle "IM"]
[WhiteElo "2300"]
[BlackElo "2378"]
[WhiteFideId "12505951"]
[BlackFideId "4132190"]
[EventDate "2020.06.22"]

1. Nf3 d5 2. d4 Nf6 3. c4 c6 4. e3 Bg4 5. h3 Bh5 6. g4 Bg6 7. Nc3 Ne4 8. Bd3 e6
9. Qc2 Nxc3 10. Qxc3 Na6 11. a3 Nc7 12. Ne5 Bxd3 13. Qxd3 dxc4 14. Qxc4 Qd5 15.
Qxd5 cxd5 16. Bd2 Nb5 17. Rc1 f6 18. Nd3 Be7 19. a4 Nd6 20. Rc7 Rc8 21. Rxc8+
Nxc8 22. Ke2 Nb6 23. b3 Kf7 24. a5 Nc8 25. Rc1 Nd6 26. Bb4 Rc8 27. Rxc8 Nxc8 28.
Bxe7 Kxe7 29. Nc5 Nd6 30. f3 b6 31. axb6 axb6 32. Na4 Nc8 33. e4 Kd6 34. Kd3 Kc6
35. Kc3 Nd6 36. Kd3 Nf7 37. h4 dxe4+ 38. fxe4 Nh6 39. g5 fxg5 40. hxg5 Nf7 41.
g6 hxg6 42. Nc3 Nd6 43. Ne2 g5 44. Ng3 Kb5 45. Nh5 Ne8 46. Kc3 g4 47. e5 g6 48.
Nf6 g3 49. Nxe8 g2 50. Nd6+ Kc6 0-1

[Event "Women's Speed Chess Q5"]
[Site "chess.com INT"]
[Date "2020.06.22"]
[Round "3"]
[White "Babiy, Olga"]
[Black "Mkrtchian, Lilit"]
[Result "0-1"]
[WhiteTitle "WGM"]
[BlackTitle "IM"]
[WhiteElo "2228"]
[BlackElo "2388"]
[WhiteFideId "14117258"]
[BlackFideId "13300601"]
[EventDate "2020.06.22"]

1. e4 c5 2. Nf3 Nc6 3. d4 cxd4 4. Nxd4 e6 5. Nc3 d6 6. Be3 Nf6 7. f4 Be7 8. Qf3
e5 9. Nf5 Bxf5 10. exf5 Nd4 11. Bxd4 exd4 12. Nb5 Qa5+ 13. Kd1 O-O 14. Nxd4 d5
15. Bd3 Qb6 16. Nb3 a5 17. a4 Ne4 18. Re1 Bf6 19. Kc1 Rac8 20. Bxe4 dxe4 21.
Rxe4 Qg1+ 22. Qd1 Qxg2 23. Re2 Qf3 24. Kb1 Qxf4 25. Qd3 Rfd8 26. Qb5 h6 27. Ka2
Rc4 28. Re8+ Rxe8 29. Qxe8+ Kh7 30. Kb1 Qf1+ 31. Ka2 Qxf5 32. Qb5 Qxc2 33. Rf1
Qxb2# 0-1